LEADER 01708nam 2200541Ia 450 001 9910452751403321 005 20200520144314.0 010 $a1-60876-716-7 035 $a(CKB)2550000001041389 035 $a(EBL)3018566 035 $a(SSID)ssj0000854443 035 $a(PQKBManifestationID)12392466 035 $a(PQKBTitleCode)TC0000854443 035 $a(PQKBWorkID)10902236 035 $a(PQKB)10392677 035 $a(MiAaPQ)EBC3018566 035 $a(Au-PeEL)EBL3018566 035 $a(CaPaEBR)ebr10660427 035 $a(OCoLC)847652723 035 $a(EXLCZ)992550000001041389 100 $a20090211d2009 uy 0 101 0 $aeng 135 $aur|n|---||||| 181 $ctxt 182 $cc 183 $acr 200 00$aBehavioral theories and interventions for autism$b[electronic resource] /$fPhil Reed, editor 210 $aNew York $cNova Science Publishers$dc2009 215 $a1 online resource (365 p.) 225 1 $aNeurodevelopmental diseases--laboratory and clinical research series 300 $aDescription based upon print version of record. 311 $a1-60741-165-2 320 $aIncludes bibliographical references and index. 410 0$aNeurodevelopmental diseases--laboratory and clinical research series. 606 $aAutism$xTreatment 606 $aBehavior therapy 608 $aElectronic books. 615 0$aAutism$xTreatment. 615 0$aBehavior therapy. 676 $a616.85/882 701 $aReed$b Phil$0905964 801 0$bMiAaPQ 801 1$bMiAaPQ 801 2$bMiAaPQ 906 $aBOOK 912 $a9910452751403321 996 $aBehavioral theories and interventions for autism$92165288 997 $aUNINA LEADER 01291nam a2200349 i 4500 001 991003439669707536 005 20021217151055.0 008 961025s|||| us ||| | eng 020 $a0471085073 035 $ab11809188-39ule_inst 035 $aLE00300551$9ExL 040 $aDip.to Biologia$bita 082 0 $a591.87 100 1 $aBridger, William A.$0531200 245 10$aCell ATP /$cWilliam A. Bridger, J. Frank Henderson 260 0 $aNew York :$bJohn Wiley & Sons,$cc1983 300 $ax, 170 p. ;$c24 cm. 490 0 $aTransport in the life sciences ;$v5 500 $a"A Wiley-Interscience publication." 500 $aIncludes bibliographical references and index 650 4$aAdenosine triphosphate - Metabolism 650 4$aAdenosine triphosphate - Physiology 650 4$aCell metabolism 650 4$aCells - Physiology 650 4$aEnergy metabolism 700 1 $aHenderson, J. Frank$eauthor$4http://id.loc.gov/vocabulary/relators/aut$0736047 907 $a.b11809188$b27-04-17$c18-12-02 912 $a991003439669707536 945 $aLE003 571.1 BRI01.01 (1983)$g1$i2003000032956$lle003$o-$pE0.00$q-$rl$s- $t0$u0$v0$w0$x0$y.i12057903$z18-12-02 996 $aCell ATP$91454338 997 $aUNISALENTO 998 $ale003$b01-01-96$cm$da $e-$feng$gus $h0$i1 LEADER 01758nas 2200529-a 450 001 996211746803316 005 20240413023444.0 011 $a1826-7203 035 $a(CKB)110978979595585 035 $a(CONSER)---91648690- 035 $a(DE-599)ZDB2215762-1 035 $a(EXLCZ)99110978979595585 100 $a19910926a19889999 --- b 101 0 $aita 181 $ctxt$2rdacontent 182 $cc$2rdamedia 183 $acr$2rdacarrier 200 00$aStoria e problemi contemporanei 210 $aUrbino $cIl lavoro editoriale$d1988- 210 31$aBologna :$cEditrice CLUEB 215 $a1 online resource 300 $aVols. for <1993- > have distinctive titles. 311 08$aPrint version: Storia e problemi contemporanei. 1120-4206 (DLC) 91648690 (OCoLC)24458500 517 1 $aStoria e problemi 517 1 $aS & P 531 1 $aStor. probl. contemp. 606 $aAnti-fascist movements$zItaly$vPeriodicals 606 $aSocialism$zItaly$vPeriodicals 606 $aAnti-fascist movements$2fast$3(OCoLC)fst00810329 606 $aSocial conditions$2fast$3(OCoLC)fst01919811 606 $aSocialism$2fast$3(OCoLC)fst01123637 607 $aMarche (Italy)$xSocial conditions$vPeriodicals 607 $aItaly$2fast 607 $aItaly$zMarche$2fast 608 $aPeriodicals.$2fast 615 0$aAnti-fascist movements 615 0$aSocialism 615 7$aAnti-fascist movements. 615 7$aSocial conditions 615 7$aSocialism. 676 $a306/.0945 712 02$aIstituto regionale per la storia del movimento di liberazione nelle Marche. 906 $aJOURNAL 912 $a996211746803316 920 $aexl_impl conversion 996 $aStoria e problemi contemporanei$9894140 997 $aUNISA